Geography Ending in U, Starting with A-Z - Statistics

General Stats
  • This quiz has been taken 46 times
  • The average score is 14 of 26
Answer Stats
Initial letter Clue Answer ending in U % Correct
B The capital of Azerbaijan Baku
93%
P Large Andean country Peru
93%
H The main island of Japan Honshu
90%
K The capital of Nepal Kathmandu
90%
V Country in the Pacific known for cannibalism until the 1960s or so Vanuatu
90%
J The Alaskan state capital Juneau
88%
M The Somali capital Mogadishu
88%
N Tiny Pacific island country Nauru
86%
T Pacific nation whose atolls barely make it above sea level Tuvalu
86%
U The aboriginal name for Ayers Rock Uluru
83%
C Western Greek island, close to the Albanian coast Corfu
69%
G City at the centre of the world's largest metropolis Guangzhou
64%
X The summer capital of Kublai Khan's Yuan dynasty; also used as a metaphor for opulence or an idyllic place Xanadu
64%
I Waterfall on the Brazilian/Argentine border Iguazu
62%
O Burkina Faso's capital city Ouagadougou
60%
D One of South Korea's biggest cities Daegu
45%
R Kenyan town by the border with Ethiopia, with a sheepish name Ramu
36%
F French town with a chateau, south of Paris; also a Miami suburb - the name begins with the word for "fountain" Fontainebleau
26%
W Chinese city whose name seems to start with a question about time Wenzhou
26%
E Nigerian city; the word for a pistol, reversed, is found in its name Enugu
24%
A The flat, raised ground next to, and named after, the long range of hills covering the eastern USA Appalachian Plateau
21%
L City on the Yangtze in Sichuan, China Luzhou
21%
Y Saudi city; the interior of its name is an anagram of a word meaning "prohibit" Yanbu
10%
Z Eastern German car manufacturing centre, originally the home of Audi Zwickau
10%
S Town near Montreal, bearing the name of a saint, on a river which has the name of a cardinal who was the principal minister to Louis XIII Saint-Jean-sur-Richelieu
7%
Q Large port near Xiamen in China, on the Taiwan Strait Quanzhou
2%
No matching quizzes found
Score Distribution
Percent of People with Each Score
Percentile by Number Answered
Your Score History
You have not taken this quiz